[Event "2017 South African Open Ch"]
[Site "Durban"]
[Date "2017.07.15"]
[Round "3"]
[White "Pon, Matt"]
[Black "Choko, Siyabonga V"]
[Result "1/2-1/2"]
[WhiteElo "2163"]
[BlackElo "1968"]
[Annotator "TA"]
[PlyCount "66"]
[EventDate "2017.??.??"]
[EventCountry "RSA"]
[SourceTitle "playchess.com"]
[Source "ChessBase"]
[SourceQuality "1"]

{[%evp 15,66,0,9,9,15,15,12,0,0,0,11,-29,-18,-38,-42,-37,-27,-60,-14,-6,-8,-103,-96,-97,-54,-55,-62,-63,-21,-21,-26,-48,-15,-58,-35,-44,-9,-38,-18,-37,-37,-38,-41,-39,-16,-42,0,0,0,0,0,0,17]} 1. c4 Nf6 2. Nc3 g6 3. g3 Bg7 4. Bg2 O-O 5. Nf3 d6 6. O-O Nbd7 7. Rb1 e5 8. d3 Re8 9. Ne1 {A24: English Opening vs King's Indian: Lines without ...Nc6} (9. b4 e4 10. dxe4 Nxe4 11. Nxe4 Rxe4 12. c5 Nf6 13. Bb2 Bf5 14. cxd6 Qxd6 15. Qxd6 cxd6 16. Nd4 Re7 17. Nxf5 gxf5 {1-0 (41) Gagare,S (2472)-Gupta,A (2645) chess.com INT 2017}) 9... Nc5 10. b4 Ne6 11. b5 $146 ({Predecessor:} 11. Bd2 Nh5 12. c5 dxc5 13. bxc5 Nxc5 14. Be3 Nd7 15. Bxb7 Bxb7 16. Rxb7 {0-1 (37) Gadjiev,S (2250)-Babaev,R (2353) Baku 1999}) 11... Nd7 12. a4 Ndc5 13. Nd5 Bd7 14. Bd2 c6 {[%cal Bc7c6,Bc6d5,Bd5d4][%mdl 32]} 15. Nb4 {[%cal Rb5c6]} Rc8 16. Na2 {[#]} d5 $1 {[%mdl 512]} 17. cxd5 cxd5 18. e3 (18. Bxd5 $11 {remains equal.} Bxb5 19. axb5 (19. Bxe6 Bxa4 20. Bxf7+ Kxf7 $15) 19... Qxd5 20. Nc3) 18... d4 $17 19. Nb4 a6 20. Nd5 axb5 21. axb5 b6 22. e4 Rb8 23. f4 Nc7 24. Nxc7 Qxc7 25. fxe5 Bxe5 26. Qc2 (26. Nf3 $5 {[%cal Rf3e5]}) 26... Rec8 27. Nf3 Ra8 28. Ng5 Be6 29. Nxe6 Nxe6 30. Qd1 Nc5 31. Bh3 {The position is equal.} Re8 32. Rf3 Na4 {White must now prevent ...Nc3.} 33. Qb3 $1 Nc5 {Precision: White = 40%, Black = 42%.} 1/2-1/2

[Event "2017 South African Open Ch"]
[Site "Durban"]
[Date "2017.07.15"]
[Round "3"]
[White "Solomons, Deon"]
[Black "Nkuna, Windsor"]
[Result "1-0"]
[WhiteElo "2120"]
[BlackElo "1437"]
[Annotator "ChessBase"]
[PlyCount "87"]
[EventDate "2017.??.??"]
[EventCountry "RSA"]
[SourceTitle "playchess.com"]
[Source "ChessBase"]
[SourceQuality "1"]
[TimeControl "5400+30"]

1. Nf3 {[%emt 0:00:00]} Nf6 {[%emt 0:00:13]} 2. g3 {[%emt 0:00:00]} e6 {[%emt 0:00:08]} 3. c4 {[%emt 0:00:01]} d5 {[%emt 0:00:09]} 4. Bg2 {[%emt 0:00:24]} c5 {[%emt 0:00:15]} 5. O-O {[%emt 0:00:25]} Be7 {[%emt 0:00:08]} 6. d4 {[%emt 0:00:31]} O-O {[%emt 0:00:36]} 7. cxd5 {[%emt 0:01:51]} exd5 {[%emt 0:00:27]} 8. Nc3 {[%emt 0:00:06]} Be6 {[%emt 0:00:20]} 9. Bg5 {[%emt 0:06:22]} cxd4 {[%emt 0:06:50]} 10. Nxd4 {[%emt 0:01:43]} Nc6 {[%emt 0:00:07]} 11. Rc1 {[%emt 0:02:57]} Rc8 {[%emt 0:10:16]} 12. Nxe6 {[%emt 0:04:22]} fxe6 {[%emt 0:05:35]} 13. Bh3 {[%emt 0:00:08]} Qd7 {[%emt 0:02:31]} 14. e4 {[%emt 0:00:33]} d4 {[%emt 0:03:27]} 15. Qb3 {[%emt 0:01:04]} Nd8 {[%emt 0:03:13]} 16. Rcd1 {[%emt 0:00:54]} Kh8 {[%emt 0:01:45]} 17. e5 {[%emt 0:03:48]} Ng8 {[%emt 0:01:28]} 18. Ne4 {[%emt 0:04:45]} Rc6 {[%emt 0:05:52]} 19. Qd3 {[%emt 0:04:14]} Rb6 {[%emt 0:01:16]} 20. Qxd4 {[%emt 0:03:01]} Qxd4 {[%emt 0:00:20]} 21. Rxd4 {[%emt 0:00:01]} Rxb2 {[%emt 0:00:20]} 22. Rd7 {[%emt 0:00:11]} Re2 {[%emt 0:16:58]} 23. Bxe7 {[%emt 0:09:18]} Nxe7 {[%emt 0:00:02]} 24. Ng5 {[%emt 0:00:14]} Nec6 {[%emt 0:02:56]} 25. f4 {[%emt 0:01:36]} Re8 {[%emt 0:01:05]} 26. Rf2 {[%emt 0:00:03]} Re1+ {[%emt 0:00:26]} 27. Kg2 {[%emt 0:00:04]} h6 {[%emt 0:00:14]} 28. Nf3 {[%emt 0:00:15]} Re3 {[%emt 0:01:25]} 29. Rfd2 {[%emt 0:00:38]} b5 {[%emt 0:01:53]} 30. Nd4 {[%emt 0:03:13]} Nxd4 {[%emt 0:00:28]} 31. R7xd4 {[%emt 0:00:19]} Nc6 {[%emt 0:00:45]} 32. Rd6 {[%emt 0:00:02]} Na5 {[%emt 0:01:15]} 33. Bxe6 {[%emt 0:00:17]} Nb7 {[%emt 0:01:01]} 34. Rd7 {[%emt 0:01:33]} Nc5 {[%emt 0:01:15]} 35. Rd8 {[%emt 0:00:10]} Re2+ {[%emt 0:01:13]} 36. Kh3 {[%emt 0:01:41]} Rxd2 {[%emt 0:00:22]} 37. Rxe8+ {[%emt 0:00:05]} Kh7 {[%emt 0:00:09]} 38. Bg8+ {[%emt 0:00:48]} Kg6 {[%emt 0:00:14]} 39. Rc8 {[%emt 0:00:17]} Nd7 {[%emt 0:03:03]} 40. Rc6+ {[%emt 0:00:59]} Nf6 {[%emt 0:00:23]} 41. exf6 {[%emt 0:02:40]} gxf6 {[%emt 0:00:02]} 42. Rc7 {[%emt 0:00:07]} h5 {[%emt 0:01:57]} 43. Bh7+ {[%emt 0:00:14]} Kh6 {[%emt 0:00:03]} 44. Bf5 {[%emt 0:00:14]} 1-0

[Event "2017 South African Open Ch"]
[Site "Durban"]
[Date "2017.07.15"]
[Round "3"]
[White "Govindasamy, Nashlen"]
[Black "Grover, Sahaj"]
[Result "0-1"]
[WhiteElo "2087"]
[BlackElo "2484"]
[Annotator "TA"]
[PlyCount "62"]
[EventDate "2017.??.??"]
[EventCountry "RSA"]
[SourceTitle "playchess.com"]
[Source "ChessBase"]
[SourceQuality "1"]

{[%evp 11,62,39,36,36,31,28,19,0,42,35,41,35,42,12,22,22,13,0,96,90,287,329,307,307,294,307,1041,1016,1313,1313,1270,1295,1072,1270,1081,718,709,698,837,830,815,818,784,740,29985,-44,-54,-530,-531,-525,-528,-514,-502]} 1. d4 Nf6 2. c4 e6 3. g3 d5 4. Nf3 dxc4 5. Bg2 c6 6. Ne5 Bb4+ 7. Bd2 {[%cal Bc1d2,Bd2b4,Bb4d6][%mdl 32] E04: Open Catalan: 5 Nf3} Qxd4 8. Bxb4 Qxe5 9. Na3 {The position is equal.} (9. Nd2 $5 {[%cal Rd2c4]} Qb5 10. Ba3 $11) 9... b5 10. Bd6 (10. Bc3 Qc5 11. Bd4 Qb4+ 12. Bc3 Qc5 13. Bd4 Qb4+ 14. Bc3 Qc5 {½-½ (14) Grischuk,A (2795)-Kramnik,V (2760) Moscow 2014}) 10... Qxb2 11. O-O {And now Rb1 would win.} Nd5 {Strongly threatening ...Nc3.} 12. e4 {[%cal Be2e4,Be4e5][%mdl 1056] White has compensation.} Nc3 $1 {[%csl LRa2,LRd1]} 13. Qh5 $1 h6 {Threatens to win with ...Nd7.} 14. e5 $1 Bb7 {[#]} (14... Qd2 $11 {keeps the balance.}) 15. Rfb1 $146 {[%cal Rb1b2][%mdl 640] White goes for the king.} Nxb1 $2 (15... Qe2 $16 16. Qxe2 Nxe2+ 17. Kf1 Nc3) 16. Rxb1 $18 Qxa2 {[#] Hoping for ...Nd7.} 17. Rxb5 $1 {[%mdl 512]} cxb5 18. Bxb7 b4 $2 {[#]} ({Inferior is} 18... Qa1+ 19. Kg2 $14) (18... a6) 19. Nb5 $1 {[%cal Rb5c7] Nc7+ would kill now.} g6 20. Qh4 {[%csl Gd6][%cal Rh4e7]} g5 21. Qd4 Nd7 22. Bxa8 f5 23. Bc6 Kf7 24. Bxd7 c3 {White must now prevent ...c2.} 25. Bxb4 c2 26. Bd2 Kg6 27. Bc1 Qb1 28. Qb2 $2 (28. Qc4 {mates} Qxc1+ 29. Kg2 Kg7 30. Qxe6 Qh1+ 31. Kxh1 Rf8 32. Nd6 c1=Q+ 33. Kg2) 28... Rd8 $1 $15 {[%cal Rd8d7]} 29. Nc3 $2 {[%mdl 8192]} ({White has to play} 29. Qa3 $1 $15 Rxd7 30. Nd6) 29... Qxb2 $19 {Black is clearly winning.} 30. Bxb2 {Ba4 is the strong threat.} Rxd7 31. Kg2 a5 {Precision: White = 57%, Black = 49%.} 0-1

[Event "2017 South African Open Ch"]
[Site "Durban"]
[Date "2017.07.15"]
[Round "3"]
[White "Oberholzer, Francois"]
[Black "Makoto, Rodwell"]
[Result "0-1"]
[WhiteElo "2046"]
[BlackElo "2372"]
[Annotator "TA"]
[PlyCount "56"]
[EventDate "2017.??.??"]
[EventCountry "RSA"]
[SourceTitle "playchess.com"]
[Source "ChessBase"]
[SourceQuality "1"]

{[%evp 12,56,17,0,12,0,0,0,0,0,0,0,0,-2,0,0,0,0,0,0,0,-30,-31,-47,-41,-92,-88,-86,-68,-77,-87,-213,-222,-201,-200,-178,-188,-29991,-29992,-29992,-1587,-29993,-613,-1816,-1833,-29995,-29996]} 1. e4 e5 2. Nf3 Nc6 3. Bb5 a6 4. Ba4 Nf6 5. d3 b5 6. Bb3 Bc5 7. a4 Rb8 {C77: Ruy Lopez: 3...a6 4 Ba4 Nf6, unusual lines} 8. axb5 axb5 9. Nc3 h6 {The position is equal.} 10. O-O O-O 11. Nd5 d6 12. h3 (12. Be3 Nxd5 13. exd5 Bxe3 14. fxe3 Ne7 15. e4 Ng6 16. Qd2 {0-1 (38) Dominguez Perez,L (2732)-Ding,L (2766) Huaian 2016}) 12... Nxd5 13. Bxd5 Ne7 {[%cal Bc6e7,Be7g6,Bg6h4][%mdl 32]} 14. Bb3 Ng6 15. Be3 $146 Qf6 16. d4 exd4 17. Nxd4 Nh4 {[#] White must now prevent ...Bxd4.} 18. Nc6 (18. Qh5 $15 Bxd4 19. Bxd4 Qxd4 20. Qxh4) 18... Bxe3 $40 {[%mdl 128] Black attacks with force.} 19. fxe3 Qg5 {[%csl Gh4][%cal Rg5g2]} 20. Qe2 $1 Bxh3 $1 21. Rxf7 (21. Kh2 $17 Bxg2 22. Nxb8 Bxf1 23. Rxf1 Rxb8 24. Rxf7) 21... Kh7 $19 ({Weaker is} 21... Rxf7 22. Bxf7+ Kxf7 23. Qf2+ Ke6 24. Nxb8 $15) 22. Nxb8 Rxf7 23. Bxf7 {And now Qf2 would win.} Bxg2 24. Qh5 $2 {[#]} (24. Kf2 $19 Qf6+ 25. Ke1 Qxf7 26. e5) 24... Qxe3+ 25. Kh2 Qf4+ 26. Kg1 Qg3 (26... Bf3 $142 27. Bg8+ Kh8 28. Qg6 Qe3+ 29. Kh2 Qf2+ 30. Kh3 Nxg6 31. Bf7 Qh4#) 27. Bg8+ Kxg8 28. Qd5+ Kh7 {Precision: White = 40%, Black = 88%.} 0-1

[Event "2017 South African Open Ch"]
[Site "Durban"]
[Date "2017.07.15"]
[Round "3"]
[White "Abrantes, Persson"]
[Black "Mwali, Chitumbo"]
[Result "1/2-1/2"]
[WhiteElo "2003"]
[BlackElo "2356"]
[Annotator "TA"]
[PlyCount "87"]
[EventDate "2017.??.??"]
[EventCountry "RSA"]
[SourceTitle "playchess.com"]
[Source "ChessBase"]
[SourceQuality "1"]

{[%evp 12,87,12,-22,-11,-27,-28,-16,26,10,40,5,39,47,66,24,36,-14,75,79,92,83,85,43,39,0,0,0,53,44,52,40,40,36,66,25,75,-118,-129,-131,-147,-139,-152,-138,-128,-213,-216,-225,-97,-355,-320,-541,-372,-387,-381,-349,-304,-243,-89,-89,-79,-106,-87,-125,-89,-90,-90,-122,0,0,0,0,0,-43,0,0,0,0]} 1. d4 Nf6 2. c4 e6 3. Nc3 Bb4 4. Qc2 O-O 5. e3 b6 6. Nf3 Bb7 7. Bd3 c5 {E43: Nimzo-Indian: Rubinstein: 4...b6} 8. a3 (8. Bd2 cxd4 9. Nxd4 Nc6 10. Nxc6 Bxc6 11. e4 Qb8 12. h3 Bc5 13. O-O Qe5 14. Rae1 Rac8 15. Kh1 {0-1 (27) Aronian,L (2801)-Carlsen,M (2802) Moscow 2010}) 8... Bxc3+ 9. Qxc3 Nc6 10. O-O Rc8 11. b4 $146 ({Predecessor:} 11. dxc5 bxc5 12. b3 Qe7 13. Bb2 d6 14. b4 {0-1 (45) Kevork,C (1892)-Gonda,G (2078) Tokyo 2013}) 11... d5 12. dxc5 bxc5 13. b5 ({Much weaker is} 13. bxc5 dxc4 14. Bxc4 (14. Qxc4 Na5 $11) 14... Ne4 $11) 13... Na5 14. Rd1 Qb6 (14... d4 $11 15. Qc2 Bxf3 16. gxf3 Qc7) 15. Ne5 $16 {[%cal Bf3e5,Be5g4,Bg4h6][%mdl 32]} Qc7 {[#]} 16. Bb2 $1 Rfd8 17. Ng4 Ne8 $1 18. Nh6+ Kf8 19. Ng4 ({Don't play} 19. Bxh7 gxh6 20. Qh8+ Ke7 $17) 19... Kg8 20. a4 d4 21. exd4 cxd4 22. Qb4 Nxc4 23. Rac1 {[%cal Rc1c4]} Qf4 24. h3 $2 (24. Bxc4 $16 {keeps the pressure on.} Qxg4 25. Bf1 Rxc1 26. Rxc1) 24... Nxb2 $17 25. Qxb2 h5 26. Nh2 Nf6 $40 {[%mdl 128] Black has strong attack.} 27. Rxc8 Rxc8 28. Bf1 {[#]} (28. b6 $17) 28... e5 $1 $19 29. a5 Nd5 (29... Rc3 $19 {has better winning chances. White must now prevent ...Rxh3!} 30. Qd2 Qxd2 31. Rxd2 Rc1) 30. g3 $2 {[%mdl 8192]} (30. b6 $17 axb6 31. a6) 30... Qf5 31. Rd2 $2 (31. g4 hxg4 32. hxg4) 31... Nc3 {...Qe4 is the strong threat.} 32. Bg2 Bxg2 33. Kxg2 Rc5 34. b6 Rb5 $2 (34... axb6 $19 35. Qxb6 Ne4) 35. bxa7 $17 Qc8 36. Qa3 Qa8+ 37. Nf3 Qxa7 38. a6 f6 39. Qd6 Rb6 ({Black should try} 39... Qa8 $17 {Hoping for ...h4!} 40. Rc2 Kh8) 40. Qd8+ $11 Kh7 {Threatens to win with ...Rb8.} 41. Qe8 Rb8 42. Qxh5+ Kg8 43. Rb2 Rxb2 44. Qe8+ {Precision: White = 46%, Black = 47%.} 1/2-1/2

[Event "2017 South African Open Ch"]
[Site "Durban"]
[Date "2017.07.15"]
[Round "3"]
[White "Salimu, Reuben"]
[Black "Oatlhotse, Providence"]
[Result "0-1"]
[WhiteElo "1968"]
[BlackElo "2190"]
[Annotator "TA"]
[PlyCount "104"]
[EventDate "2017.??.??"]
[EventCountry "RSA"]
[SourceTitle "playchess.com"]
[Source "ChessBase"]
[SourceQuality "1"]

{[%evp 20,104,0,0,0,0,28,0,0,-28,-30,-35,-47,-131,-111,-134,-137,-137,-146,-152,-116,-152,-159,-155,-163,-163,-158,-166,-166,-150,-152,-167,-177,-174,-172,-161,-133,-148,-133,-130,-129,-117,-133,-130,-121,-136,-100,-100,-92,-127,-114,-115,-113,-115,-115,-129,-121,-180,-97,-204,-100,-362,-298,-612,-588,-553,-541,-519,-456,-670,-657,-1679,-1606,-1679,-1671,-1663,-1638,-1647,-1615,-1552,-645,-29974,-29975,-29953,-12848,-29979,-29981]} 1. e4 c5 2. Nf3 g6 3. d4 cxd4 4. Nxd4 Nf6 5. Nc3 d6 6. Bg5 Bg7 7. Bb5+ Bd7 8. Qe2 a6 9. Bxd7+ Nbxd7 10. O-O-O O-O 11. f4 {LiveBook: 10 Games} Rc8 {B70: Sicilian Dragon: 6 g3 and 6 Be2 (without a later Be3)} (11... Qa5 12. Nb3 Qc7 13. Rhe1 e5 14. Kb1 exf4 15. Bxf4 Ne5 16. Bg5 Rfe8 17. Rf1 Ned7 18. Bxf6 Nxf6 19. Qd3 Rad8 20. Rxf6 {1-0 (48) Hirneise,T (2466)-Quintiliano Pinto,R (2484) Doha 2016}) 12. e5 Rxc3 13. bxc3 $146 (13. Bxf6 $5 Bh6 14. bxc3 Bxf4+ 15. Kb1 exf6 16. e6 $14) ({Predecessor:} 13. exf6 exf6 14. Bxf6 Nxf6 15. bxc3 Qa5 16. Qc4 Ne4 {0-1 (29) Dean,J-Rodriguez,L Chicago 1996}) 13... dxe5 {The position is equal.} 14. Nb3 Qc7 15. fxe5 $1 Nxe5 16. Bf4 (16. Rhe1 $15 Nh5 17. Bd2) 16... Nh5 $17 17. Bxe5 Bxe5 18. Rhe1 Bxc3 19. Qxe7 Qf4+ 20. Re3 Bf6 {[%cal Bc3f6,Bf6g5,Bg5f4][%mdl 32]} 21. Qe4 Bg5 22. Qxf4 Bxf4 23. Rdd3 Re8 $1 24. Kd2 Nf6 25. Ke2 {aiming for Rxe8+.} Bxe3 ({Don't play} 25... Rxe3+ 26. Rxe3 Bxe3 27. Kxe3 $15) 26. Rxe3 $19 {[%mdl 4096] Endgame KRN-KRN} Rc8 27. Kd2 Kf8 28. a3 Ng4 29. Rc3 Rd8+ 30. Rd3 Re8 31. h3 Ne5 32. Rd4 b5 {...Nc4+ is the strong threat.} 33. Na5 Re6 34. c4 bxc4 35. Nxc4 Nxc4+ 36. Rxc4 $17 {KR-KR} Kg7 37. Rc5 h5 38. Ra5 (38. g4 $17) 38... f5 ({Black should try} 38... h4 $1 $19 39. Ra4 g5) 39. h4 (39. Ra4 $17 {might work better.}) 39... Kh6 (39... Re4 $1 $19 40. Rxa6 Rg4) 40. g3 $2 {[%mdl 8192] [#]} (40. Ra4 $17 {only move.}) 40... Re4 $1 $19 41. Rxa6 $2 {[#]} (41. a4) 41... f4 $1 {[%cal Rf4g3]} 42. gxf4 Rxf4 43. a4 Rxh4 44. a5 (44. Ra8 $142 Rf4 45. a5) 44... Ra4 45. Ke2 Ra3 46. Kf2 Kg5 47. Kg2 h4 {[%cal Bh5h4,Bh4h3][%mdl 32]} 48. Kh2 Kh5 49. Ra8 Kg4 50. a6 Ra2+ 51. Kg1 Kg3 {[%cal Ra2a1]} 52. Kf1 h3 {Precision: White = 24%, Black = 59%.} 0-1

[Event "2017 South African Open Ch"]
[Site "Durban"]
[Date "2017.07.15"]
[Round "3"]
[White "Subke, Jason James"]
[Black "Mwale Joseph"]
[Result "1-0"]
[WhiteElo "1932"]
[BlackElo "2159"]
[Annotator "TA"]
[PlyCount "30"]
[EventDate "2017.??.??"]
[EventCountry "RSA"]
[SourceTitle "playchess.com"]
[Source "ChessBase"]
[SourceQuality "1"]

{[%evp 1,1,12]} 1. e4 {Predecessor:} c5 $146 2. Nf3 d6 3. d4 cxd4 4. Nxd4 Nf6 5. Nc3 Bd7 6. Be2 Nc6 7. Be3 e6 8. g4 h6 9. f4 Nxd4 10. Qxd4 e5 11. fxe5 Nxg4 12. O-O-O Nxe3 13. Qxe3 Qg5 14. Qxg5 hxg5 15. exd6 O-O-O {½-½ (32) So,W (2812)-Carlsen,M (2832) Leuven 2017} 1-0

[Event "2017 South African Open Ch"]
[Site "Durban"]
[Date "2017.07.15"]
[Round "3"]
[White "Wilken, Justin Barend"]
[Black "Mnguni, Jacob Dumisani"]
[Result "0-1"]
[WhiteElo "1920"]
[BlackElo "2147"]
[Annotator "TA"]
[PlyCount "66"]
[EventDate "2017.??.??"]
[EventCountry "RSA"]
[SourceTitle "playchess.com"]
[Source "ChessBase"]
[SourceQuality "1"]

{[%evp 9,66,30,44,23,29,23,24,14,29,19,25,20,27,28,42,27,41,44,37,42,38,2,19,8,32,0,15,4,1,0,13,8,11,-20,-20,-24,-18,-25,-10,-12,0,0,0,0,0,0,0,-93,-75,-100,-82,-181,-190,-808,-808,-1260,-1202,-5514,-5397]} 1. e4 d6 2. d4 g6 3. Nc3 Bg7 4. Be3 a6 5. g3 Nd7 (5... b5 6. Bg2 Bb7 7. a3 Nd7 8. Nge2 Ngf6 9. h3 c5 10. O-O Qc7 11. d5 O-O 12. Qd2 Rfe8 13. Rad1 {0-1 (43) Padmini,R (2400)-Salgado Lopez,I (2641) Dubai 2017}) 6. Nge2 {B06: Modern Defence} Ngf6 7. h3 O-O 8. Bg2 {White has an edge.} Rb8 $146 ({Predecessor:} 8... e5 9. O-O b5 10. a3 Bb7 11. g4 exd4 12. Bxd4 Rb8 13. Ng3 c5 14. Bxf6 Qxf6 15. Re1 Nb6 16. Bf1 Bh6 {0-1 (26) Halldorsson,H (2228)-Danielsen,H (2501) Reykjavik 2014}) 9. O-O b5 10. e5 Ne8 11. f4 Nb6 12. b3 Bb7 13. Bxb7 Rxb7 14. Qd3 c6 15. Qe4 Qc7 16. a3 a5 (16... f5 $5 {[%cal Rf5e4]} 17. exf6 Nxf6 18. Qe6+ Kh8 $11) 17. Qf3 b4 18. axb4 axb4 19. Ne4 Nd5 20. Bd2 Ra7 21. c4 (21. Qd3 {is interesting.} Rxa1 22. Rxa1 Qd7 23. g4 Nec7 24. Ra7) 21... bxc3 $1 22. N4xc3 Rxa1 23. Rxa1 Nxc3 24. Qxc3 f6 {[%cal Rf6e5]} 25. Qc4+ Kh8 $1 {[%cal Rf6e5]} 26. e6 f5 27. Ra6 c5 28. Ba5 (28. Be3 $11 {remains equal.}) 28... Qb7 $17 29. dxc5 dxc5 30. Rb6 (30. Qd3 $17) 30... Qf3 $19 31. Bc3 $2 (31. Rb8) 31... Nf6 {[#] Threatens to win with ...Rd8.Black is clearly winning.} 32. Bxf6 Bxf6 33. Qb5 Kg7 {Precision: White = 35%, Black = 52%.} 0-1

[Event "2017 South African Open Ch"]
[Site "Durban"]
[Date "2017.07.15"]
[Round "3"]
[White "Naidu, Sayen"]
[Black "De Abreu, Roberto N"]
[Result "0-1"]
[WhiteElo "1865"]
[BlackElo "2145"]
[Annotator "TA"]
[PlyCount "76"]
[EventDate "2017.??.??"]
[EventCountry "RSA"]
[SourceTitle "playchess.com"]
[Source "ChessBase"]
[SourceQuality "1"]

{[%evp 23,76,45,39,0,0,0,0,3,22,0,50,0,0,0,125,105,193,208,300,160,159,146,178,109,98,111,120,109,115,131,206,197,207,45,43,0,0,0,0,-678,-681,-712,0,0,0,-700,-694,-698,-645,-474,-396,-392,-375,-840,-834]} 1. e4 e6 2. d4 d5 3. Nc3 Bb4 4. e5 c5 5. a3 Bxc3+ 6. bxc3 Ne7 7. Qg4 Qc7 8. Qxg7 Rg8 9. Qxh7 cxd4 10. Ne2 Nbc6 11. f4 dxc3 12. Qd3 d4 13. g3 {C18: French: 3 Nc3 Bb4: Main line: 7 h4 and 7 Qg4} (13. Nxd4 Nxd4 14. Qxd4 Bd7 15. Rg1 Nf5 16. Qf2 Qc6 17. g4 Qe4+ 18. Qe2 Qd5 19. Bg2 Qc5 20. Qf2 Nd4 21. Be4 O-O-O 22. Be3 Bc6 23. Bd3 {½-½ (37) Vachier Lagrave,M (2775)-Radjabov,T (2731) Tbilisi 2015}) 13... Bd7 14. Bg2 Nf5 15. Rb1 {The position is equal.} O-O-O 16. Be4 Kb8 17. O-O Bc8 $146 ({Predecessor:} 17... b6 18. a4 Bc8 19. Ba3 Bb7 20. Rfd1 Ka8 21. Bxf5 exf5 {1-0 (48) Smirnov,P (2523)-Petrosian,D (2485) Moscow 2011}) 18. a4 Ka8 (18... b6 $1 $11) 19. Rb3 b6 (19... f6 $16 {was worth a try.}) 20. a5 $1 $18 Bb7 (20... bxa5 $142 21. Ba3 a4) 21. a6 (21. axb6 $18 axb6 22. Ba3) 21... Bc8 $16 22. Ba3 Rd5 23. Bd6 (23. Rd1 $18) 23... Nxd6 24. Bxd5 exd5 25. exd6 Qxd6 26. Nxd4 Qc5 (26... Bxa6 $16 27. Qxa6 Qc5) 27. Rd1 $18 Bxa6 {[#]} 28. Qxc3 $2 ({Not} 28. Qxa6 $2 Nxd4 29. Rbb1 Nxc2+ 30. Kh1 d4 $19) ({White has to play} 28. Qe3 $1 $18) 28... Bc4 $14 29. Rbb1 Re8 $1 {[%cal Re8e4] Threatens to win with ...Re4.} 30. Kh1 Nxd4 31. Qxd4 $4 {[%mdl 8192] [#]} (31. Rxd4 $11 Ba2 32. Qxc5 bxc5 33. Rdd1 Bxb1 34. Rxb1) 31... Re1+ $1 $19 {[%mdl 512]} 32. Kg2 (32. Rxe1 Qxd4) 32... Re2+ $2 (32... Qxd4 $19 33. Rxd4 Rxb1) 33. Kg1 $2 {[%mdl 8192] [#]} (33. Kh1 $11 Re1+ 34. Kg2 Qxd4 35. Rxd4 Rxb1 36. h4) 33... Re1+ $1 {[%mdl 512]} 34. Kg2 $1 (34. Rxe1 Qxd4+) 34... Qxd4 35. Rxd4 Rxb1 36. h4 f5 37. h5 Re1 {[#]} 38. Rd2 $2 (38. g4 $1 {[%mdl 512]} fxg4 39. f5) 38... a5 {Precision: White = 29%, Black = 62%.} 0-1

[Event "2017 South African Open Ch"]
[Site "Durban"]
[Date "2017.07.16"]
[Round "4"]
[White "Grover, Sahaj"]
[Black "Mnguni, Jacob Dumisani"]
[Result "1-0"]
[WhiteElo "2484"]
[BlackElo "2147"]
[Annotator "TA"]
[PlyCount "43"]
[EventDate "2017.??.??"]
[EventCountry "RSA"]
[SourceTitle "playchess.com"]
[Source "ChessBase"]
[SourceQuality "1"]

{[%evp 18,43,25,28,52,43,43,44,52,41,40,32,37,29,237,243,243,255,223,111,358,341,325,318,323,276,276,283]} 1. d4 d5 2. c4 c6 3. Nf3 Nf6 4. Nc3 e6 5. Bg5 Nbd7 6. cxd5 cxd5 7. e3 a6 8. Bd3 Be7 9. O-O O-O 10. Qe2 {LiveBook: 3 Games. D51: Queen's Gambit Declined: 4 Bg5 Nbd7 sidelines} b6 11. Rac1 Bb7 12. Na4 $146 {White is slightly better.} ({Predecessor:} 12. Rc2 Bd6 13. Rfc1 Qb8 14. Bh4 Ne4 15. Bg3 Nxg3 16. hxg3 f5 17. Ng5 Qe8 18. f4 Nf6 {½-½ (33) Welling,G (2364)-Ekeberg,C (2336) Kemer 2007}) 12... Bd6 13. Rc2 Qe7 14. Rfc1 b5 15. Nc5 $36 {[%mdl 2048] White is pushing.} Bc8 $2 {[#]} (15... Nxc5 $1 $11 {and Black is okay.} 16. dxc5 Bc7) 16. e4 $1 $18 {[%cal Re4e5]} dxe4 17. Bxe4 {[%cal Bd3e4,Be4c6,Bc6d5][%mdl 32]} ({But not} 17. Nxe4 $6 Bb7 $16) 17... Rb8 {[#]} 18. Ne5 (18. Nxd7 $1 $18 {is the precise move to win.} Qxd7 19. Bc6) 18... Qe8 $2 (18... Nxc5 $16 19. Rxc5 Bb7) 19. Bc6 Bxc5 {White has a decisive advantage.} 20. dxc5 Nd5 21. Nxd7 Bxd7 22. Bxd5 $1 {Precision: White = 62%, Black = 43%.} 1-0